<?xml version="1.0" encoding="UTF-8"?>
<record
    xmlns:xsi="http://www.w3.org/2001/XMLSchema-instance"
    xsi:schemaLocation="http://www.loc.gov/MARC21/slim http://www.loc.gov/standards/marcxml/schema/MARC21slim.xsd"
    xmlns="http://www.loc.gov/MARC21/slim">

  <leader>03256nam1a22004931  4500</leader>
  <controlfield tag="001">RU\NLR\A1\12826</controlfield>
  <controlfield tag="005">20260407103926.0</controlfield>
  <datafield tag="035" ind1=" " ind2=" ">
    <subfield code="a">(NLR Aleph) 009675260</subfield>
  </datafield>
  <datafield tag="090" ind1=" " ind2=" ">
    <subfield code="a">9679628</subfield>
    <subfield code="c">9679628</subfield>
  </datafield>
  <datafield tag="100" ind1=" " ind2=" ">
    <subfield code="a">19971119d1794    m  y0rusy50      ca</subfield>
  </datafield>
  <datafield tag="101" ind1="1" ind2=" ">
    <subfield code="a">rus</subfield>
    <subfield code="c">fre</subfield>
  </datafield>
  <datafield tag="102" ind1=" " ind2=" ">
    <subfield code="a">RU</subfield>
  </datafield>
  <datafield tag="140" ind1=" " ind2=" ">
    <subfield code="a">y   y            efyaa0100  </subfield>
  </datafield>
  <datafield tag="200" ind1="1" ind2=" ">
    <subfield code="a">&#x41D;&#x43E;&#x432;&#x430;&#x44F; &#x422;&#x44B;&#x441;&#x44F;&#x447;&#x430; &#x438; &#x43E;&#x434;&#x43D;&#x430; &#x43D;&#x43E;&#x447;&#x44C;.</subfield>
    <subfield code="e">&#x421;&#x43A;&#x430;&#x437;&#x43A;&#x438; &#x430;&#x440;&#x430;&#x431;&#x441;&#x43A;&#x438;&#x44F;.</subfield>
    <subfield code="f">&#x41F;&#x435;&#x440;&#x435;&#x432;&#x43E;&#x434; &#x441; &#x444;&#x440;&#x430;&#x43D;&#x446;&#x443;&#x437;&#x441;&#x43A;&#x430;&#x433;&#x43E;.</subfield>
    <subfield code="g">&#x421; &#x43A;&#x430;&#x440;&#x442;&#x438;&#x43D;&#x430;&#x43C;&#x438;</subfield>
  </datafield>
  <datafield tag="210" ind1=" " ind2=" ">
    <subfield code="a">&#x41C;&#x43E;&#x441;&#x43A;&#x432;&#x430;</subfield>
    <subfield code="c">&#x432; &#x443;&#x43D;&#x438;&#x432;&#x435;&#x440;&#x441;&#x438;&#x442;&#x435;&#x442;&#x441;&#x43A;&#x43E;&#x439; &#x442;&#x438;&#x43F;&#x43E;&#x433;&#x440;&#x430;&#x444;&#x438;&#x438;, &#x443; &#x425;&#x440;. &#x420;&#x438;&#x434;&#x438;&#x433;&#x435;&#x440;&#x430; &#x438; &#x425;&#x440;. &#x41A;&#x43B;&#x430;&#x443;&#x434;&#x438;&#x44F;</subfield>
    <subfield code="d">1794</subfield>
  </datafield>
  <datafield tag="215" ind1=" " ind2=" ">
    <subfield code="d">8&#xB0;</subfield>
  </datafield>
  <datafield tag="300" ind1=" " ind2=" ">
    <subfield code="a">&#x426;&#x435;&#x43D;&#x437;.: &#x410;.&#x41C;.&#x411;&#x440;&#x44F;&#x43D;&#x446;&#x435;&#x432;.</subfield>
  </datafield>
  <datafield tag="300" ind1=" " ind2=" ">
    <subfield code="a">&#x422;&#x438;&#x442;. &#x43B;. &#x433;&#x440;&#x430;&#x432;&#x438;&#x440;&#x43E;&#x432;&#x430;&#x43D;&#x44B;. &#x422;&#x438;&#x442;. &#x43B;. &#x43D;&#x430;&#x43A;&#x43B;&#x435;&#x435;&#x43D;&#x44B; &#x43D;&#x430; &#x43F;&#x440;&#x435;&#x436;&#x43D;&#x438;&#x435; &#x43D;&#x430;&#x431;&#x43E;&#x440;&#x43D;&#x44B;&#x435;, &#x43D;&#x430; &#x43E;&#x431;&#x43E;&#x440;&#x43E;&#x442;&#x435; &#x43A;&#x43E;&#x442;&#x43E;&#x440;&#x44B;&#x445; &#x43E;&#x441;&#x442;&#x430;&#x43B;&#x43E;&#x441;&#x44C; &#x446;&#x435;&#x43D;&#x437;. &#x440;&#x430;&#x437;&#x440;&#x435;&#x448;&#x435;&#x43D;&#x438;&#x435; &#x43D;&#x430; "&#x41F;&#x440;&#x43E;&#x434;&#x43E;&#x43B;&#x436;&#x435;&#x43D;&#x438;&#x435; &#x422;&#x44B;&#x441;&#x44F;&#x447;&#x438; &#x438; &#x43E;&#x434;&#x43D;&#x43E;&#x439; &#x43D;&#x43E;&#x447;&#x438;".</subfield>
  </datafield>
  <datafield tag="300" ind1=" " ind2=" ">
    <subfield code="a">&#x422;&#x438;&#x442;&#x443;&#x43B;. &#x438;&#x437;&#x434;. &#x43A;&#x43D;.: &#x41F;&#x440;&#x43E;&#x434;&#x43E;&#x43B;&#x436;&#x435;&#x43D;&#x438;&#x435; &#x422;&#x44B;&#x441;&#x44F;&#x447;&#x438; &#x438; &#x43E;&#x434;&#x43D;&#x43E;&#x439; &#x43D;&#x43E;&#x447;&#x438;. &#x41C;., 1794-1795.</subfield>
  </datafield>
  <datafield tag="300" ind1=" " ind2=" ">
    <subfield code="a">&#x41D;&#x430; &#x441;.[3] &#x43F;&#x43E;&#x441;&#x432;&#x44F;&#x449;. "&#x43E;&#x442; &#x442;&#x440;&#x443;&#x434;&#x438;&#x432;&#x448;&#x438;&#x445;&#x441;&#x44F; &#x432; &#x43F;&#x435;&#x440;&#x435;&#x432;&#x43E;&#x434;&#x435;" &#x415;.&#x412;.&#x425;&#x435;&#x440;&#x430;&#x441;&#x43A;&#x43E;&#x432;&#x43E;&#x439;.</subfield>
  </datafield>
  <datafield tag="321" ind1="1" ind2=" ">
    <subfield code="a">&#x421;&#x41A; XVIII. &#x422;.2. &#x421;.307</subfield>
  </datafield>
  <datafield tag="451" ind1=" " ind2="1">
    <subfield code="1">001RU\NLR\A1\22414</subfield>
    <subfield code="1">2001#$a&#x41F;&#x440;&#x43E;&#x434;&#x43E;&#x43B;&#x436;&#x435;&#x43D;&#x438;&#x435; &#x422;&#x44B;&#x441;&#x44F;&#x447;&#x438; &#x438; &#x43E;&#x434;&#x43D;&#x43E;&#x439; &#x43D;&#x43E;&#x447;&#x438;,$e&#x410;&#x440;&#x430;&#x431;&#x441;&#x43A;&#x438;&#x44F; &#x441;&#x43A;&#x430;&#x441;&#x43A;&#x438;.$f&#x41F;&#x435;&#x440;&#x435;&#x432;&#x43E;&#x434; &#x441; &#x444;&#x440;&#x430;&#x43D;&#x446;&#x443;&#x437;&#x441;&#x43A;&#x430;&#x433;&#x43E;.</subfield>
    <subfield code="9">9686274</subfield>
    <subfield code="c">&#x41C;.</subfield>
    <subfield code="d">1794-1795</subfield>
    <subfield code="f">&#x41F;&#x435;&#x440;&#x435;&#x432;&#x43E;&#x434; &#x441; &#x444;&#x440;&#x430;&#x43D;&#x446;&#x443;&#x437;&#x441;&#x43A;&#x430;&#x433;&#x43E;.</subfield>
    <subfield code="n">&#x423;&#x43D;&#x438;&#x432;. &#x442;&#x438;&#x43F;., &#x443; &#x425;&#x440;.&#x420;&#x438;&#x434;&#x438;&#x433;&#x435;&#x440;&#x430; &#x438; &#x425;&#x440;.&#x41A;&#x43B;&#x430;&#x443;&#x434;&#x438;&#x44F;</subfield>
    <subfield code="o">&#x410;&#x440;&#x430;&#x431;&#x441;&#x43A;&#x438;&#x44F; &#x441;&#x43A;&#x430;&#x441;&#x43A;&#x438;.</subfield>
    <subfield code="t">&#x41F;&#x440;&#x43E;&#x434;&#x43E;&#x43B;&#x436;&#x435;&#x43D;&#x438;&#x435; &#x422;&#x44B;&#x441;&#x44F;&#x447;&#x438; &#x438; &#x43E;&#x434;&#x43D;&#x43E;&#x439; &#x43D;&#x43E;&#x447;&#x438;,</subfield>
  </datafield>
  <datafield tag="463" ind1=" " ind2="0">
    <subfield code="1">001RU\NLR\A1\12827</subfield>
    <subfield code="1">2000#$a&#x427;.1</subfield>
    <subfield code="9">13457638</subfield>
    <subfield code="p">[6], 215, [1] &#x441;., [1] &#x43B;. &#x438;&#x43B;.</subfield>
    <subfield code="t">&#x427;.1</subfield>
  </datafield>
  <datafield tag="463" ind1=" " ind2="0">
    <subfield code="1">001RU\NLR\A1\12828</subfield>
    <subfield code="1">2000#$a&#x427;.2</subfield>
    <subfield code="9">13457639</subfield>
    <subfield code="p">[2], 207, [1] &#x441;., [2] &#x43B;. &#x438;&#x43B;.</subfield>
    <subfield code="t">&#x427;.2</subfield>
  </datafield>
  <datafield tag="463" ind1=" " ind2="0">
    <subfield code="1">001RU\NLR\A1\12829</subfield>
    <subfield code="1">2000#$a&#x427;.3</subfield>
    <subfield code="9">13457640</subfield>
    <subfield code="p">[4], 268, [2] &#x441;., [2] &#x43B;. &#x438;&#x43B;.</subfield>
    <subfield code="t">&#x427;.3</subfield>
  </datafield>
  <datafield tag="463" ind1=" " ind2="0">
    <subfield code="1">001RU\NLR\A1\12830</subfield>
    <subfield code="1">2000#$a&#x427;.4</subfield>
    <subfield code="9">13457641</subfield>
    <subfield code="p">[4], 223, [1] &#x441;., [1] &#x43B;. &#x438;&#x43B;.</subfield>
    <subfield code="t">&#x427;.4</subfield>
  </datafield>
  <datafield tag="463" ind1=" " ind2="0">
    <subfield code="1">001RU\NLR\A1\12831</subfield>
    <subfield code="1">2000#$a&#x427;.5</subfield>
    <subfield code="9">13457642</subfield>
    <subfield code="p">VI, [2], 230 &#x441;., [2] &#x43B;. &#x438;&#x43B;.</subfield>
    <subfield code="t">&#x427;.5</subfield>
  </datafield>
  <datafield tag="463" ind1=" " ind2="0">
    <subfield code="1">001RU\NLR\A1\12832</subfield>
    <subfield code="1">2000#$a&#x427;.6</subfield>
    <subfield code="9">13457643</subfield>
    <subfield code="p">[4], 264 &#x441;.</subfield>
    <subfield code="t">&#x427;.6</subfield>
  </datafield>
  <datafield tag="463" ind1=" " ind2="0">
    <subfield code="1">001RU\NLR\A1\12833</subfield>
    <subfield code="1">2000#$a&#x427;.7</subfield>
    <subfield code="9">13457644</subfield>
    <subfield code="p">[4], 257, [1] &#x441;., [2] &#x43B;. &#x438;&#x43B;.</subfield>
    <subfield code="t">&#x427;.7</subfield>
  </datafield>
  <datafield tag="463" ind1=" " ind2="0">
    <subfield code="1">001RU\NLR\A1\12834</subfield>
    <subfield code="1">2000#$a&#x427;.8</subfield>
    <subfield code="9">13457645</subfield>
    <subfield code="p">[4], 242 &#x441;., [1] &#x43B;. &#x438;&#x43B;.</subfield>
    <subfield code="t">&#x427;.8</subfield>
  </datafield>
  <datafield tag="620" ind1=" " ind2=" ">
    <subfield code="d">&#x41C;&#x43E;&#x441;&#x43A;&#x432;&#x430;</subfield>
  </datafield>
  <datafield tag="702" ind1=" " ind2="1">
    <subfield code="4">610</subfield>
    <subfield code="7">ca</subfield>
    <subfield code="8">rus</subfield>
    <subfield code="a">&#x420;&#x438;&#x434;&#x438;&#x433;&#x435;&#x440;</subfield>
    <subfield code="b">&#x425;.</subfield>
    <subfield code="g">&#x425;&#x440;&#x438;&#x441;&#x442;&#x438;&#x430;&#x43D;</subfield>
    <subfield code="9">232514</subfield>
    <subfield code="3">RU\NLR\AUTH\770232570</subfield>
  </datafield>
  <datafield tag="702" ind1=" " ind2="1">
    <subfield code="4">610</subfield>
    <subfield code="7">ca</subfield>
    <subfield code="8">rus</subfield>
    <subfield code="a">&#x41A;&#x43B;&#x430;&#x443;&#x434;&#x438;&#x439;</subfield>
    <subfield code="b">&#x425;.&#x410;.</subfield>
    <subfield code="f">-1805</subfield>
    <subfield code="g">&#x425;&#x440;&#x438;&#x441;&#x442;&#x43E;&#x444;&#x43E;&#x440; &#x410;&#x43B;&#x435;&#x43A;&#x441;&#x430;&#x43D;&#x434;&#x440;&#x43E;&#x432;&#x438;&#x447;</subfield>
    <subfield code="9">232381</subfield>
    <subfield code="3">RU\NLR\AUTH\770232437</subfield>
  </datafield>
  <datafield tag="702" ind1=" " ind2="1">
    <subfield code="4">190</subfield>
    <subfield code="8">rus</subfield>
    <subfield code="7">ca</subfield>
    <subfield code="a">&#x411;&#x440;&#x44F;&#x43D;&#x446;&#x435;&#x432;</subfield>
    <subfield code="b">&#x410;. &#x41C;.</subfield>
    <subfield code="f">1749-1821</subfield>
    <subfield code="g">&#x410;&#x43D;&#x434;&#x440;&#x435;&#x439; &#x41C;&#x438;&#x445;&#x430;&#x439;&#x43B;&#x43E;&#x432;&#x438;&#x447;</subfield>
    <subfield code="3">RU\NLR\AUTH\77100860</subfield>
    <subfield code="9">83786</subfield>
  </datafield>
  <datafield tag="702" ind1=" " ind2="1">
    <subfield code="4">280</subfield>
    <subfield code="8">rus</subfield>
    <subfield code="7">ca</subfield>
    <subfield code="a">&#x425;&#x435;&#x440;&#x430;&#x441;&#x43A;&#x43E;&#x432;&#x430;</subfield>
    <subfield code="b">&#x415;. &#x412;.</subfield>
    <subfield code="f">1737-1809</subfield>
    <subfield code="g">&#x415;&#x43B;&#x438;&#x437;&#x430;&#x432;&#x435;&#x442;&#x430; &#x412;&#x430;&#x441;&#x438;&#x43B;&#x44C;&#x435;&#x432;&#x43D;&#x430;</subfield>
    <subfield code="3">RU\NLR\AUTH\77127167</subfield>
    <subfield code="9">110091</subfield>
  </datafield>
  <datafield tag="712" ind1="0" ind2="2">
    <subfield code="4">610</subfield>
    <subfield code="a">&#x41C;&#x43E;&#x441;&#x43A;&#x43E;&#x432;&#x441;&#x43A;&#x438;&#x439; &#x443;&#x43D;&#x438;&#x432;&#x435;&#x440;&#x441;&#x438;&#x442;&#x435;&#x442;</subfield>
    <subfield code="b">&#x422;&#x438;&#x43F;&#x43E;&#x433;&#x440;&#x430;&#x444;&#x438;&#x44F;</subfield>
    <subfield code="3">RU\NLR\AUTH\889932963</subfield>
    <subfield code="9">361140</subfield>
  </datafield>
  <datafield tag="801" ind1=" " ind2="0">
    <subfield code="a">RU</subfield>
    <subfield code="b">NLR</subfield>
    <subfield code="c">19971119</subfield>
  </datafield>
  <datafield tag="852" ind1=" " ind2=" ">
    <subfield code="a">NLR</subfield>
    <subfield code="j">18.257.3.33</subfield>
  </datafield>
  <datafield tag="899" ind1=" " ind2=" ">
    <subfield code="a">&#x420;&#x413;&#x411;</subfield>
    <subfield code="z">&#x427;.8</subfield>
  </datafield>
  <datafield tag="899" ind1=" " ind2=" ">
    <subfield code="a">&#x413;&#x41F;&#x418;&#x411;</subfield>
    <subfield code="z">&#x427;.6</subfield>
  </datafield>
  <datafield tag="942" ind1=" " ind2=" ">
    <subfield code="c">BOOK</subfield>
  </datafield>
  <datafield tag="980" ind1=" " ind2=" ">
    <subfield code="a">NB</subfield>
  </datafield>
  <datafield tag="980" ind1=" " ind2=" ">
    <subfield code="a">A1XVIIIv</subfield>
  </datafield>
</record>
